00353nam a2200157Ia 45000010006000000050017000060080041000230410008000640820016000721000025000882450024001132600009001373000033001466500008001796540008001871707920260306170358.0260306t1995||||xx |||||||||||||| ||und|| aESP a657.45bK38 aKell, Walter G.eAUT 0aAuditoría moderna c1995 axix, 836 páginas :c24 cm. aGEN aCCO